Tilastot visalle Sanat - "Sininen ja Valkoinen" - Jukka Kuoppamäki

Klikkaa tästä pelataksesi tätä visaa!

Yleistilastot

  • Tätä visaa on pelattu 346 kertaa
  • Keskiarvotulos 82 / 101

Vastaustilastot

Sanat% Oikein
sen.
99%
sen,
99%
sen
99%
ja
98%
on
98%
Sininen
98%
Tai
98%
siniset
96%
Siniset
96%
siniset
96%
taivas,
96%
silmänsä
95%
valkoiset
94%
Valkoiset
94%
valkoinen
93%
Valkoinen
93%
järvet,
91%
pilvet,
91%
heijastaen.
90%
sinisyyttä
90%
kertoisin,
88%
taivaan
88%
kun
87%
kesien.
86%
Mitä
86%
nuo
86%
siitä
85%
yöt
85%
hanki,
84%
Kertoisinko
84%
lampaat
84%
sinisen.
84%
vastaisin.
84%
jäi,
83%
Kotimaa
83%
mietin
83%
taakse
83%
köyhyyden,
82%
mielessäin,
82%
hiljaa
81%
Hiljaa
81%
kaiken
81%
kysyjille
80%
rikkauden?
80%
eessä
79%
ovien?
79%
Kunnes
77%
vastauksen.
77%
laudat
75%
tiesin
75%
ovat
73%
värit
73%
vapauden.
69%
toi.
48%
soi,
47%
tuuli
47%
kuiske
45%
kylmän
42%
maahan
42%
sekä
42%
terveisensä
42%
routaisen.
41%
graniitin.
40%
Juuret
40%
kasvoi
40%
kuitenkin
40%
tunsin
40%
Lämmön
39%
kuusten
38%
lujuudessa
38%

Tulosjakauma

Persentiili vastausten määrän mukaan

Jokaisen tuloksen saaneiden osuus

Tuloshistoriasi

Et ole pelannut tätä visaa